000 00540nam a2200169Ia 4500
008 090124s9999 xx 000 0 und d
082 _b18980
_a6270
100 _aकुलकर्णी दत्ता जी.
245 _a विलक्षण वैर
250 _a1
260 _c1973
600 _aकुलकर्णी दत्ता जी.
630 _a विलक्षण वैर
700 _aकुलकर्णी दत्ता जी.
730 _a विलक्षण वैर
942 _cBOOK
999 _c132921
_d132921